| 000 | 00636nam a2200181Ia 4500 | ||
|---|---|---|---|
| 008 | 151018s9999 xx 000 0 und d | ||
| 082 |
_bRBASDV10730 _a891.463 |
||
| 100 | _aश्रीपाद जोशी | ||
| 245 | _aचिनारच्या छायेत | ||
| 250 | _b1 | ||
| 260 |
_bसुविचार प्रकाशन मंडळ पुणे _c1962 |
||
| 300 | _a160 | ||
| 600 | _aश्रीपाद जोशी | ||
| 630 | _aचिनारच्या छायेत | ||
| 700 | _aश्रीपाद जोशी | ||
| 730 | _aचिनारच्या छायेत | ||
| 942 | _cBOOK | ||
| 999 |
_c1013085 _d1013082 |
||